LEADER 01212nam0-2200397---450 001 990005722230203316 005 20190403125014.0 035 $a000572223 035 $aUSA01000572223 035 $a(ALEPH)000572223USA01 035 $a000572223 100 $a20070716d1979----|||y0itaa50------ba 101 $aita 102 $ait 105 $a0 00||| 200 1 $aCes esclaves sont des hommes$elotta abolizionista e letteratura negrofila nella Francia del Settecento$fCarminella Biondi$gprefazione di Corrado Rosso 210 $aPisa$cGoliardica$d1979 215 $aIX, 314 p.$d25 cm. 225 2 $aStudi e testi$v55 410 0$12001$aStudi e testi$v55 606 $aSCHIAVITU'$xABOLIZIONISMO$xFRANCIA$xSEC. 18.$2F 620 $dPISA 676 $a326 700 1$aBIONDI,$bCarminella$0158719 702 1$aROSSO,$bCorrado 801 0$aIT$bSA$c20111219 912 $a990005722230203316 950 0$aDipar.to di Filosofia - Salerno$dDFCC 326 BIO$e1002 FIL 951 $aCC 326 BIO$b1002 FIL 959 $aBK 969 $aFIL 979 $c20121027$lUSA01$h1526 979 $c20121027$lUSA01$h1615 996 $aCes esclaves sont des hommes$9138274 997 $aUNISA NUM $aSA0021353 LEADER 03149oam 2200709I 450 001 996197715803316 005 20200520144314.0 010 $a1-134-78942-4 010 $a1-134-78943-2 010 $a1-280-31928-3 010 $a0-203-43523-0 024 7 $a10.4324/9780203435236 035 $a(CKB)111056485525004 035 $a(EBL)170088 035 $a(OCoLC)275331626 035 $a(SSID)ssj0000247268 035 $a(PQKBManifestationID)11195958 035 $a(PQKBTitleCode)TC0000247268 035 $a(PQKBWorkID)10195477 035 $a(PQKB)10823158 035 $a(MiAaPQ)EBC170088 035 $a(Au-PeEL)EBL170088 035 $a(CaPaEBR)ebr10058072 035 $a(CaONFJC)MIL31928 035 $a(OCoLC)252773085 035 $a(EXLCZ)99111056485525004 100 $a20180331d1997 uy 0 101 0 $aeng 135 $aur|n|---||||| 181 $ctxt 182 $cc 183 $acr 200 00$aSocial action with children and families $ea community development approach to child and family welfare /$fedited by Crescy Cannan and Chris Warren 210 1$aLondon ;$aNew York :$cRoutledge,$d1997. 215 $a1 online resource (240 p.) 225 1 $aThe state of welfare 300 $aDescription based upon print version of record. 311 $a1-138-46751-0 311 $a0-415-13151-0 320 $aIncludes bibliographical references and index. 327 $aBook Cover; Title; Contents; Contributors; Series editor's preface; Acknowledgements; Introduction; Community development and children: a contemporary agenda; Rethinking practice through a children's rights perspective; Mapping the future? A contribution from community social work in the community care field; Social development with children and families in France; Family support and the journey to empowerment; New social networks for families and children in Germany; The role of the centre in family support 327 $aMechanisms for empowerment: family group conferences and local family advocacy schemesLong-term development: neighbourhood community development work on estates; Think global, act local: towards residents' control of their life, health and environment; tools and skills in social development in France; Index; 330 $aArgues that meeting the needs of children requires a rediscovery and modernization of the social action and community development traditions of social work and aims to help those working in this field find a new, more positive sense of direction 410 0$aState of welfare. 606 $aSocial work with children 606 $aFamily social work 606 $aChild welfare 608 $aElectronic books. 615 0$aSocial work with children. 615 0$aFamily social work. 615 0$aChild welfare. 676 $a362.7 676 $a362.828 701 $aCannan$b Crescy$f1947-$0965700 701 $aWarren$b Chris$f1946-$0965701 801 0$bMiAaPQ 801 1$bMiAaPQ 801 2$bMiAaPQ 906 $aBOOK 912 $a996197715803316 996 $aSocial action with children and families$92191047 997 $aUNISA